|
|
|
|
| LEADER |
00000nam2a2200000 4500 |
| 001 |
182141 |
| 005 |
20231031171221.0 |
| 035 |
|
|
|a (RuTPU)RU\TPU\book\197424
|
| 035 |
|
|
|a RU\TPU\book\197391
|
| 090 |
|
|
|a 182141
|
| 100 |
|
|
|a 20100617d1936 k y0rusy50 ca
|
| 101 |
0 |
|
|a rus
|
| 102 |
|
|
|a RU
|
| 105 |
|
|
|a a z 000zy
|
| 200 |
0 |
|
|a Т. 55, вып. 1
|
| 210 |
|
|
|c Красное знамя
|d 1936
|
| 215 |
|
|
|a 94 с.
|c табл., граф., черт., рис.
|
| 316 |
|
|
|5 63413507: 127101
|a Статья Бутакова Н. И. "Учебное дело в Томском индустриальном (технологическом) институте за последние 10 лет (1925-1935 г.)" содержится в экземпляре со штрих-кодом 13821000556440.
|
| 461 |
|
1 |
|0 (RuTPU)RU\TPU\book\197248
|t Известия Томского индустриального института [Известия ТИИ]
|f Томский индустриальный институт (ТИИ)
|v Т. 55, вып. 1
|d 1934-1944
|
| 601 |
0 |
2 |
|a Томский индустриальный институт (ТИИ)
|c (1934-1944)
|2 stltpush
|3 (RuTPU)RU\TPU\col\9243
|
| 610 |
1 |
|
|a научные исследования
|
| 610 |
1 |
|
|a карликовые планеты
|
| 610 |
1 |
|
|a Церера
|
| 610 |
1 |
|
|a возмущения
|
| 610 |
1 |
|
|a алгебраические уравнения
|
| 610 |
1 |
|
|a балки
|
| 610 |
1 |
|
|a теорема Кастильяно
|
| 610 |
1 |
|
|a теорема Бетти
|
| 610 |
1 |
|
|a графоаналитическое доказательство
|
| 610 |
1 |
|
|a ортогональные аксанометрические эпюры
|
| 610 |
1 |
|
|a трехплоскостное проектирование
|
| 610 |
1 |
|
|a критические обороты
|
| 610 |
1 |
|
|a сдвиг
|
| 610 |
1 |
|
|a элементарные вещества
|
| 610 |
1 |
|
|a логарифмическая температурная шкала
|
| 610 |
1 |
|
|a труды учёных ТПУ
|
| 675 |
|
|
|a 62
|v 3
|
| 801 |
|
1 |
|a RU
|b 63413507
|c 20090209
|g PSBO
|
| 801 |
|
2 |
|a RU
|b 63413507
|c 20111121
|g PSBO
|
| 942 |
|
|
|c BK
|